01234nam a22003134a 450000100060000000300080000600500170001400800390003102000220007003500190009204000660011104100080017708200280018508400150021310000280022824500820025626000620033830000270040050000520042750400660047965000610054565000610060665000310066765000280069865000360072665000260076265100410078885600910082921609BD-RjUL20211209000716.0140305r20081994enk b 001 0 eng a0415336392 (pbk.) a(BD-RjUL)21673 aDLCcDLCdYDXdUKMdBAKERdNLGGCdYBMdLMRdDLCdBD-RjULbeng aeng00a809.93358222bBHL 2008 a17.902bcl1 aBhabha, Homi K.,d1949-14aThe location of culture /cHomi K. Bhabha ; with a new preface by the author. aLondon ;aNew York :bRoutledge,cc1994 [Reprinted 2008]. axxxi, 408 p. ;c20 cm. aOriginally published: London : Routledge, 1994. aIncludes bibliographical references (p. [368]-396) and index. 0aLiterature, Moderny19th centuryxHistory and criticism. 0aLiterature, Moderny20th centuryxHistory and criticism. 0aImperialism in literature. 0aColonies in literature. 0aCulture conflict in literature. 0aPolitics and culture. 0aDeveloping countriesxIn literature.423Publisher descriptionuhttp://www.loc.gov/catdir/enhancements/fy0668/2004018829-d.html